[Event "Caioba Telecom op 5th"]
[Site "Caioba"]
[Date "2019.08.14"]
[Round "4"]
[White "Osipi, Jair"]
[Black "De Borba, Gabriel"]
[Result "1/2-1/2"]
[WhiteElo "2137"]
[BlackElo "2064"]
[PlyCount "50"]
[EventDate "2019.08.12"]
[EventType "swiss"]
[EventRounds "9"]
[EventCountry "BRA"]
[SourceTitle "EXT 2020"]
[Source "ChessBase"]
[SourceDate "2019.10.17"]
[SourceVersion "1"]
[SourceVersionDate "2019.10.17"]
[SourceQuality "1"]

1. d4 Nf6 2. c4 g6 3. Nc3 d5 4. Bf4 Bg7 5. e3 0-0 6. Rc1 dxc4 7. Bxc4 c5 8. dxc5 Qa5 9. Qb3 Ne4 10. Nge2 Nxc5 11. Qb5 Qxb5 12. Nxb5 Nba6 13. Nec3 Be6 14. Bxe6 Nxe6 15. Bg3 Nb4 16. Ke2 a6 17. Nc7 Nxc7 18. Bxc7 Bxc3 19. Rxc3 Rac8 20. Rb3 Rxc7 21. Rxb4 Rd8 22. Rf1 Rc2+ 23. Kf3 Rdd2 24. Rxb7 Rxb2 25. Rxb2 Rxb2 1/2-1/2

[Event "Caioba Telecom op 5th"]
[Site "Caioba"]
[Date "2019.08.13"]
[Round "3"]
[White "Amura, Claudia Noemi"]
[Black "Osipi, Jair"]
[Result "1-0"]
[WhiteElo "2247"]
[BlackElo "2137"]
[PlyCount "47"]
[EventDate "2019.08.12"]
[EventType "swiss"]
[EventRounds "9"]
[EventCountry "BRA"]
[SourceTitle "EXT 2020"]
[Source "ChessBase"]
[SourceDate "2019.10.17"]
[SourceVersion "1"]
[SourceVersionDate "2019.10.17"]
[SourceQuality "1"]

1. d4 Nf6 2. Bg5 d5 3. e3 e6 4. Bd3 c5 5. c3 Nbd7 6. Nf3 Be7 7. Nbd2 h6 8. Bh4 0-0 9. 0-0 cxd4 10. exd4 Bd6 11. Re1 Qc7 12. Rc1 Bf4 13. Rc2 Qb8 14. Qe2 a6 15. a4 Re8 16. Ne5 Bxd2 17. Rxd2 Nxe5 18. dxe5 Nd7 19. Bc2 Nf8 20. Rd4 Qc7 21. Rg4 Ng6 22. Bxg6 fxg6 23. Rxg6 Qf7 24. Qh5 1-0

[Event "Caioba Telecom op 5th"]
[Site "Caioba"]
[Date "2019.08.13"]
[Round "2"]
[White "Osipi, Jair"]
[Black "Di Berardino, Diego Rafael"]
[Result "1/2-1/2"]
[WhiteElo "2137"]
[BlackElo "2482"]
[PlyCount "132"]
[EventDate "2019.08.12"]
[EventType "swiss"]
[EventRounds "9"]
[EventCountry "BRA"]
[SourceTitle "EXT 2020"]
[Source "ChessBase"]
[SourceDate "2019.10.17"]
[SourceVersion "1"]
[SourceVersionDate "2019.10.17"]
[SourceQuality "1"]

1. c4 b6 2. d4 Bb7 3. Nc3 e6 4. Nf3 Bb4 5. Bd2 Nf6 6. a3 Bxc3 7. Bxc3 0-0 8. g3 Ne4 9. Qc2 Nxc3 10. Qxc3 a5 11. Bg2 a4 12. 0-0 d6 13. Rad1 Nd7 14. Rfe1 Qe7 15. e4 Ra5 16. Re2 e5 17. d5 Nc5 18. Nd2 Raa8 19. Rde1 Ba6 20. f4 f6 21. Re3 Rab8 22. b4 axb3 23. Nxb3 Nxb3 24. Qxb3 Bc8 25. f5 Ra8 26. g4 Bd7 27. Rg3 Ra4 28. Bf1 Rfa8 29. Qb2 g5 30. Ree3 Kg7 31. h4 gxh4 32. Rh3 Kh8 33. Rxh4 Rg8 34. Reh3 Rg7 35. Qc1 Ra8 36. Be2 Rf8 37. Kf2 Rff7 38. Rh6 Qd8 39. Qh1 Qg8 40. R3h5 Rg5 41. Qh4 Rxh5 42. Rxh5 Qd8 43. Rh6 Qe7 44. Qh5 Rf8 45. Qh4 Qg7 46. Rg6 Qe7 47. Rh6 Be8 48. Bd1 Qg7 49. Be2 Kg8 50. Bd1 Rf7 51. Ke3 Qg5+ 52. Qxg5+ fxg5 53. Rh2 Rf8 54. Kd3 Kg7 55. Kc3 Bd7 56. Kb4 Ra8 57. a4 h6 58. Rh1 Ra5 59. Bc2 Be8 60. Bd1 Ra8 61. Rh2 Bf7 62. Bf3 Ra5 63. Bd1 Rc5 64. Be2 Be8 65. Bd3 Ra5 66. Bc2 Ra8 1/2-1/2

[Event "Caioba Telecom op 5th"]
[Site "Caioba"]
[Date "2019.08.12"]
[Round "1"]
[White "Matsuura, Everaldo"]
[Black "Osipi, Jair"]
[Result "1/2-1/2"]
[WhiteElo "2449"]
[BlackElo "2137"]
[PlyCount "100"]
[EventDate "2019.08.12"]
[EventType "swiss"]
[EventRounds "9"]
[EventCountry "BRA"]
[SourceTitle "EXT 2020"]
[Source "ChessBase"]
[SourceDate "2019.10.17"]
[SourceVersion "1"]
[SourceVersionDate "2019.10.17"]
[SourceQuality "1"]

1. c4 c5 2. Nc3 Nc6 3. e3 e5 4. Nf3 f5 5. d4 e4 6. d5 exf3 7. dxc6 dxc6 8. Qxf3 Nf6 9. e4 fxe4 10. Nxe4 Nxe4 11. Qxe4+ Qe7 12. Bd3 Qxe4+ 13. Bxe4 Be6 14. b3 Be7 15. Bb2 Kf7 16. 0-0-0 Rad8 17. Rxd8 Bxd8 18. Re1 Bf6 19. Bxf6 Kxf6 20. f4 b5 21. Bxc6 bxc4 22. bxc4 Bxc4 23. Re5 Bxa2 24. g4 h6 25. h4 Rd8 26. Be4 Rd4 27. Kb2 Be6 28. g5+ hxg5 29. hxg5+ Kf7 30. f5 Bd7 31. Bd5+ Kf8 32. Kc3 Rg4 33. g6 Bb5 34. Be4 a6 35. Kd2 Rg3 36. Rxc5 Ke7 37. Rc7+ Kf6 38. Rf7+ Ke5 39. Bc2 Rg2+ 40. Kc3 Rg3+ 41. Kd2 Rg2+ 42. Kc3 Rg3+ 43. Kb4 Rg4+ 44. Ka5 Rg2 45. Bb3 Bd3 46. Be6 Rg5 47. Rxg7 Bxf5 48. Bxf5 Kxf5 49. Kxa6 Rxg6+ 50. Rxg6 Kxg6 1/2-1/2

[Event "Florianopolis op 5th"]
[Site "Florianopolis"]
[Date "2019.01.26"]
[Round "9"]
[White "Osipi, Jair"]
[Black "Bitencourt, Evandro Jose dos S"]
[Result "1-0"]
[WhiteElo "2126"]
[BlackElo "1812"]
[PlyCount "100"]
[EventDate "2019.01.21"]
[EventType "swiss"]
[EventRounds "10"]
[EventCountry "BRA"]
[SourceTitle "CBM 188 Extra"]
[Source "ChessBase"]
[SourceDate "2019.02.26"]
[SourceVersion "1"]
[SourceVersionDate "2019.02.26"]
[SourceQuality "1"]

1. Nf3 f5 2. g3 Nf6 3. c4 e6 4. Bg2 c6 5. b3 d5 6. Bb2 Bd6 7. 0-0 0-0 8. e3 Qe7 9. d4 Nbd7 10. Ne5 Ne4 11. Nd3 Ng5 12. Nd2 Nf7 13. a3 g5 14. f3 f4 15. Qe1 fxe3 16. Qxe3 Qf6 17. Rae1 Nb8 18. Bh3 Re8 19. f4 Bd7 20. Bg4 Qg6 21. Qe2 Na6 22. Bh5 Qg7 23. Nf3 gxf4 24. Bxf7+ Qxf7 25. Nfe5 Qe7 26. Rxf4 Rf8 27. Qg4+ Kh8 28. Rxf8+ Rxf8 29. Nxd7 Qxd7 30. Qxe6 Qxe6 31. Rxe6 Rd8 32. c5 Bf8 33. Ne5 Kg8 34. Nf3 Nc7 35. Re2 Ne8 36. Bc1 h6 37. Bf4 Nf6 38. Be5 Ne4 39. Nd2 Nxd2 40. Rxd2 Re8 41. Kf2 Bxc5 42. b4 Bf8 43. Kg2 Bg7 44. Re2 Bxe5 45. Rxe5 Rf8 46. g4 Rf7 47. Re6 Kg7 48. h4 Kh7 49. Rd6 a6 50. a4 Kg7 1-0

[Event "Florianopolis op 5th"]
[Site "Florianopolis"]
[Date "2019.01.21"]
[Round "1"]
[White "Osipi, Jair"]
[Black "Souza, Neurismar da Rocha"]
[Result "1-0"]
[WhiteElo "2126"]
[BlackElo "1612"]
[PlyCount "143"]
[EventDate "2019.01.21"]
[EventType "swiss"]
[EventRounds "10"]
[EventCountry "BRA"]
[SourceTitle "CBM 188 Extra"]
[Source "ChessBase"]
[SourceDate "2019.02.26"]
[SourceVersion "1"]
[SourceVersionDate "2019.02.26"]
[SourceQuality "1"]

1. c4 e6 2. g3 Nf6 3. Bg2 d5 4. Nf3 b6 5. 0-0 Bb7 6. d4 Be7 7. Nbd2 Nbd7 8. b3 0-0 9. Bb2 a5 10. a3 h6 11. Re1 Rc8 12. Ne5 Nxe5 13. dxe5 Nd7 14. cxd5 Bxd5 15. Bxd5 exd5 16. Nf1 Nc5 17. Ne3 c6 18. Nf5 Ne6 19. e3 Kh7 20. Rc1 Qd7 21. Qg4 g6 22. Nd4 c5 23. Nf3 Qb5 24. Nd2 h5 25. Qd1 Rfd8 26. a4 Qd7 27. Qf3 Ng5 28. Qe2 Qf5 29. Red1 Nh3+ 30. Kg2 Ng5 31. h4 Qh3+ 32. Kg1 Ne6 33. Qf3 Qf5 34. Qxf5 gxf5 35. Kf1 Kg6 36. Ke2 f6 37. Nf3 Rc7 38. Rc2 Rcd7 39. Rcd2 Kg7 40. Ba1 Kg6 41. Rd3 Kf7 42. Nd2 fxe5 43. Bxe5 Bf6 44. Bxf6 Kxf6 45. Nc4 Rb8 46. Na3 d4 47. Nb5 Rbd8 48. Na3 Ke7 49. Nc4 Rb7 50. Kf3 Kf6 51. e4 fxe4+ 52. Kxe4 Nc7 53. Rf3+ Kg7 54. Rf5 Rh8 55. Nd6 Ra7 56. Rf7+ Kg6 57. Rf5 Ne8 58. Rg5+ Kf6 59. Nc4 Re7+ 60. Kd3 Re6 61. Rd2 Ng7 62. Re2 Rxe2 63. Kxe2 Re8+ 64. Kd3 Re6 65. Nd2 Kf7 66. Ne4 Rh6 67. Rd5 Ke7 68. f4 Ne8 69. f5 Nc7 70. f6+ Ke8 71. f7+ Kf8 72. Rd8+ 1-0

[Event "Parana-ch rapid"]
[Site "Curitiba"]
[Date "2019.01.19"]
[Round "3"]
[White "Delgado Ramirez, Neuris"]
[Black "Osipi, Jair"]
[Result "1-0"]
[WhiteElo "2623"]
[BlackElo "2126"]
[PlyCount "91"]
[EventDate "2019.01.19"]
[EventType "swiss (rapid)"]
[EventRounds "7"]
[EventCountry "BRA"]
[SourceTitle "CBM 188 Extra"]
[Source "ChessBase"]
[SourceDate "2019.02.26"]
[SourceVersion "1"]
[SourceVersionDate "2019.02.26"]
[SourceQuality "1"]

1. e4 c5 2. Nf3 d6 3. d4 cxd4 4. Nxd4 Nf6 5. Nc3 a6 6. Nb3 e5 7. Bg5 Be6 8. Bxf6 gxf6 9. Nd5 Nc6 10. Qf3 Bxd5 11. exd5 Na5 12. Nd2 b5 13. a4 b4 14. Ne4 Be7 15. Bd3 Nb7 16. 0-0 Nc5 17. Ng3 Qc7 18. Bf5 Qb7 19. b3 Rb8 20. Rad1 Kd8 21. Qh5 Rf8 22. f4 Kc7 23. Bxh7 Rbd8 24. Be4 Kb8 25. Kh1 Qc7 26. Qf3 Rh8 27. Nf5 Bf8 28. Rc1 Bh6 29. Nxh6 Rxh6 30. c3 Rdh8 31. h3 Qd7 32. f5 Rh4 33. Bc2 Rf4 34. Qg3 Rfh4 35. cxb4 Rxb4 36. Qg7 Qd8 37. Qxf7 Rbh4 38. b4 Rf8 39. Qg6 Rg8 40. bxc5 Rxg6 41. fxg6 dxc5 42. g7 Qxd5 43. Rcd1 Qg8 44. Rd7 Rf4 45. Rxf4 exf4 46. Be4 1-0

[Event "Parana-ch"]
[Site "Curitiba"]
[Date "2018.11.25"]
[Round "7"]
[White "Sunye Neto, Jaime"]
[Black "Osipi, Jair"]
[Result "1-0"]
[WhiteElo "2485"]
[BlackElo "2144"]
[PlyCount "59"]
[EventDate "2018.11.22"]
[EventType "swiss"]
[EventRounds "7"]
[EventCountry "BRA"]
[SourceTitle "CBM 187 Extra"]
[Source "ChessBase"]
[SourceDate "2018.11.04"]
[SourceVersion "1"]
[SourceVersionDate "2018.11.04"]
[SourceQuality "1"]

1. c4 e6 2. Nf3 d5 3. g3 Nf6 4. Bg2 dxc4 5. Qa4+ Bd7 6. Qxc4 Bc6 7. 0-0 a6 8. Qc2 b5 9. a4 b4 10. d3 Bb7 11. Nbd2 Nbd7 12. a5 Be7 13. Nc4 0-0 14. e4 h6 15. Bf4 Rc8 16. Rfe1 g5 17. Be3 c5 18. Rad1 Ba8 19. Qe2 Qc7 20. h4 Nh7 21. hxg5 hxg5 22. Nxg5 Bxg5 23. Bxg5 Nxg5 24. Qg4 Qd8 25. f4 f5 26. exf5 exf5 27. Qxg5+ Qxg5 28. fxg5 Bxg2 29. Kxg2 Rc6 30. Kf3 1-0

[Event "Curitiba Fexpar op 1st"]
[Site "Curitiba"]
[Date "2018.11.03"]
[Round "5"]
[White "Chang, Suzana"]
[Black "Osipi, Jair"]
[Result "1/2-1/2"]
[WhiteElo "1968"]
[BlackElo "2144"]
[PlyCount "88"]
[EventDate "2018.11.02"]
[EventType "swiss"]
[EventRounds "7"]
[EventCountry "BRA"]
[SourceTitle "EXT 2020"]
[Source "ChessBase"]
[SourceDate "2019.10.17"]
[SourceVersion "1"]
[SourceVersionDate "2019.10.17"]
[SourceQuality "1"]

1. e4 c5 2. Nf3 Nc6 3. Bb5 g6 4. 0-0 Bg7 5. Re1 a6 6. Bxc6 dxc6 7. d3 b6 8. h3 Nf6 9. c3 0-0 10. Qc2 Nd7 11. Nbd2 e5 12. b4 Re8 13. a4 Bf8 14. Rb1 a5 15. b5 cxb5 16. axb5 Bg7 17. Nc4 Nf8 18. Ba3 Qf6 19. Bc1 h6 20. Nh2 Kh7 21. Ng4 Qd8 22. Qe2 Ra7 23. Qd2 h5 24. Nh2 Rd7 25. Nb2 Ne6 26. Qc2 Bh6 27. Be3 Nf4 28. Bxf4 Bxf4 29. g3 Bh6 30. h4 Bb7 31. Rbd1 Re6 32. Nc4 Qe8 33. Nf3 f6 34. Qe2 Rd8 35. Rb1 Bc8 36. Rbd1 Bd7 37. Qb2 Bc8 38. Qe2 Bb7 39. Kh2 Rb8 40. Kg1 Bc8 41. Kg2 Re7 42. Nd6 Qd8 43. Nxc8 Rxc8 44. c4 Rd7 1/2-1/2

[Event "Parana-chT 61st"]
[Site "Londrina"]
[Date "2018.09.24"]
[Round "1.2"]
[White "Cella, Glaucio Dalla Cortt"]
[Black "Osipi, Jair"]
[Result "0-1"]
[WhiteElo "1978"]
[BlackElo "2144"]
[PlyCount "56"]
[EventDate "2018.09.24"]
[EventType "team-tourn"]
[EventRounds "5"]
[EventCountry "BRA"]
[SourceTitle "CBM 187 Extra"]
[Source "ChessBase"]
[SourceDate "2018.11.04"]
[SourceVersion "1"]
[SourceVersionDate "2018.11.04"]
[SourceQuality "1"]
[WhiteTeam "Francisco Beltrao"]
[BlackTeam "Maringa"]
[WhiteTeamCountry "BRA"]
[BlackTeamCountry "BRA"]

1. e4 c5 2. Nf3 e6 3. c3 Nc6 4. d4 d5 5. exd5 exd5 6. Qe2+ Qe7 7. Qxe7+ Bxe7 8. dxc5 Bxc5 9. Nbd2 Nf6 10. Nb3 Bb6 11. Bb5 0-0 12. 0-0 h6 13. h3 a6 14. Ba4 Bd7 15. Bf4 Rfe8 16. Rae1 Re4 17. Rxe4 dxe4 18. Bxc6 Bxc6 19. Ne5 Bd5 20. c4 Be6 21. Re1 Rc8 22. Nd2 g5 23. Be3 Ba5 24. Rc1 Rd8 25. Rc2 Bc7 26. Ng4 Nxg4 27. hxg4 Bxg4 28. Nxe4 Rd1# 0-1

[Event "Caioba Telecom op"]
[Site "Caioba"]
[Date "2018.08.04"]
[Round "7"]
[White "Osipi, Jair"]
[Black "Ichimura G Barbosa, Larissa Yuki"]
[Result "1/2-1/2"]
[WhiteElo "2186"]
[BlackElo "1947"]
[PlyCount "57"]
[EventDate "2018.08.01"]
[EventType "swiss"]
[EventRounds "9"]
[EventCountry "BRA"]
[SourceTitle "CBM 186 Extra"]
[Source "ChessBase"]
[SourceDate "2018.08.24"]
[SourceVersion "1"]
[SourceVersionDate "2018.08.24"]
[SourceQuality "1"]

1. d4 Nf6 2. c4 g6 3. Nc3 Bg7 4. g3 0-0 5. Bg2 d6 6. Nf3 Nbd7 7. e4 e5 8. 0-0 c6 9. h3 Qb6 10. d5 cxd5 11. Nxd5 Nxd5 12. cxd5 Nc5 13. Nd2 a5 14. b3 f5 15. Qe2 Bd7 16. Nc4 Qa6 17. Ba3 b5 18. Bxc5 bxc4 19. Be3 cxb3 20. Qxa6 Rxa6 21. axb3 Rb8 22. Ra3 fxe4 23. Rfa1 Bf8 24. Rxa5 Rxa5 25. Rxa5 Rxb3 26. Ra8 Kf7 27. Ra1 Ke8 28. Ra8+ Kf7 29. Ra7 1/2-1/2

[Event "Caioba Telecom op"]
[Site "Caioba"]
[Date "2018.08.03"]
[Round "6"]
[White "Moyses Sobrinho, Elias"]
[Black "Osipi, Jair"]
[Result "1/2-1/2"]
[WhiteElo "1914"]
[BlackElo "2186"]
[PlyCount "48"]
[EventDate "2018.08.01"]
[EventType "swiss"]
[EventRounds "9"]
[EventCountry "BRA"]
[SourceTitle "CBM 186 Extra"]
[Source "ChessBase"]
[SourceDate "2018.08.24"]
[SourceVersion "1"]
[SourceVersionDate "2018.08.24"]
[SourceQuality "1"]

1. d4 Nf6 2. c4 g6 3. Nc3 d5 4. Bg5 Bg7 5. Bxf6 Bxf6 6. cxd5 e6 7. dxe6 Bxe6 8. e3 0-0 9. Nf3 c6 10. Be2 Qb6 11. Qc1 Nd7 12. 0-0 Bg7 13. Ng5 Bd5 14. Nxd5 cxd5 15. Qd2 Rac8 16. Rac1 Nf6 17. Rxc8 Rxc8 18. Rc1 Rc6 19. Rxc6 bxc6 20. Bd3 Bf8 21. a3 a5 22. Qc2 Bd6 23. g3 Kg7 24. Nf3 Kg8 1/2-1/2

[Event "Caioba Telecom op"]
[Site "Caioba"]
[Date "2018.08.02"]
[Round "3"]
[White "Osipi, Jair"]
[Black "Silva, Kaua Marques"]
[Result "1-0"]
[WhiteElo "2186"]
[BlackElo "1910"]
[PlyCount "113"]
[EventDate "2018.08.01"]
[EventType "swiss"]
[EventRounds "9"]
[EventCountry "BRA"]
[SourceTitle "CBM 186 Extra"]
[Source "ChessBase"]
[SourceDate "2018.08.24"]
[SourceVersion "1"]
[SourceVersionDate "2018.08.24"]
[SourceQuality "1"]

1. d4 Nf6 2. Nf3 e6 3. c4 b6 4. a3 Bb7 5. Nc3 d5 6. cxd5 Nxd5 7. e3 Be7 8. Bb5+ c6 9. Bd3 0-0 10. e4 Nxc3 11. bxc3 c5 12. 0-0 Nc6 13. Bb2 cxd4 14. cxd4 Rc8 15. Qe2 Qc7 16. Qe3 Rfd8 17. Rac1 Bf8 18. d5 exd5 19. exd5 Rxd5 20. Bxh7+ Kxh7 21. Qe4+ Kg8 22. Qxd5 Qf4 23. Qh5 Rd8 24. Ng5 Qf5 25. g4 Qg6 26. Qxg6 fxg6 27. Rfd1 Re8 28. Re1 Be7 29. Rcd1 Rf8 30. Ne6 Rf7 31. Bxg7 Bxa3 32. Bh6 Bb4 33. Re3 Bc8 34. Ng5 Re7 35. Ne4 Rf7 36. g5 Be7 37. Nf6+ Kh8 38. Nd5 Bf5 39. Nxe7 Rxe7 40. Rxe7 Nxe7 41. Rd8+ Kh7 42. Bf8 Nc6 43. Ra8 Kg8 44. Bd6+ Kf7 45. Bb8 Nxb8 46. Rxb8 Be4 47. f4 Ke6 48. Kf2 Kd6 49. Ke3 Bd5 50. Kd4 Ke6 51. Rf8 Ke7 52. Rf6 Bf7 53. Ke4 b5 54. Ra6 Bc4 55. Rxa7+ Ke8 56. Ke5 Kf8 57. Rb7 1-0

[Event "Concordia op 4th"]
[Site "Concordia"]
[Date "2018.06.29"]
[Round "1"]
[White "Osipi, Jair"]
[Black "Balena, Vinicius"]
[Result "1-0"]
[WhiteElo "2184"]
[BlackElo "1340"]
[PlyCount "47"]
[EventDate "2018.06.29"]
[EventType "swiss"]
[EventRounds "6"]
[EventCountry "BRA"]
[SourceTitle "EXT 2019"]
[Source "ChessBase"]
[SourceDate "2018.10.10"]
[SourceVersion "1"]
[SourceVersionDate "2018.10.10"]
[SourceQuality "1"]

1. d4 d5 2. c4 c6 3. Nf3 Bf5 4. Nc3 e6 5. e3 Nf6 6. Qb3 Qc7 7. Bd2 Nbd7 8. Rc1 g6 9. h3 Bg7 10. Nh4 e5 11. Nxf5 gxf5 12. cxd5 exd4 13. Nb5 Qb6 14. dxc6 Nc5 15. Nd6+ Ke7 16. Nxf5+ Kf8 17. Rxc5 Qxb3 18. axb3 bxc6 19. Bb4 Kg8 20. Rxc6 Nd5 21. Ba3 dxe3 22. Bc4 exf2+ 23. Kxf2 Nb6 24. Ne7+ 1-0

[Event "Maringa Parana-ch"]
[Site "Maringa"]
[Date "2018.02.02"]
[Round "4"]
[White "Osipi, Jair"]
[Black "Borges, Victor Hugo Moreira"]
[Result "1/2-1/2"]
[WhiteElo "2193"]
[BlackElo "2179"]
[PlyCount "56"]
[EventDate "2018.01.31"]
[EventType "swiss"]
[EventRounds "8"]
[EventCountry "BRA"]
[SourceTitle "CBM 182 Extra"]
[Source "ChessBase"]
[SourceDate "2018.02.23"]
[SourceVersion "1"]
[SourceVersionDate "2018.02.23"]
[SourceQuality "1"]

1. d4 Nf6 2. Nf3 g6 3. g3 Bg7 4. Bg2 0-0 5. 0-0 d6 6. c4 Nbd7 7. Nc3 e5 8. dxe5 dxe5 9. h3 Re8 10. Bg5 h6 11. Be3 c6 12. Nd2 Nf8 13. b4 Ne6 14. Nb3 Qe7 15. b5 cxb5 16. Nxb5 Rd8 17. Qc1 a6 18. Nc3 h5 19. Bb6 Re8 20. Rd1 h4 21. Nd5 Nxd5 22. cxd5 Nd4 23. Nxd4 exd4 24. Bxd4 hxg3 25. fxg3 Bxd4+ 26. Rxd4 Qxe2 27. Qf4 Bd7 28. Rf1 Qe3+ 1/2-1/2

[Event "Maringa Parana-ch"]
[Site "Maringa"]
[Date "2018.02.01"]
[Round "3"]
[White "Fier, Alexandr"]
[Black "Osipi, Jair"]
[Result "1-0"]
[WhiteElo "2557"]
[BlackElo "2193"]
[PlyCount "99"]
[EventDate "2018.01.31"]
[EventType "swiss"]
[EventRounds "8"]
[EventCountry "BRA"]
[SourceTitle "CBM 182 Extra"]
[Source "ChessBase"]
[SourceDate "2018.02.23"]
[SourceVersion "1"]
[SourceVersionDate "2018.02.23"]
[SourceQuality "1"]

1. d4 d5 2. c4 c6 3. Nf3 Nf6 4. Nc3 e6 5. Bg5 Be7 6. e3 Nbd7 7. Qc2 0-0 8. Rd1 h6 9. Bh4 Re8 10. Bd3 dxc4 11. Bxc4 b5 12. Be2 Bb7 13. 0-0 Rc8 14. a3 a5 15. Ne5 Ba8 16. Bf3 b4 17. axb4 axb4 18. Bxf6 Nxf6 19. Na4 Bd6 20. Nc4 Bc7 21. e4 Rb8 22. Nc5 Qe7 23. e5 Nd5 24. Be4 Bb7 25. f4 Bc8 26. Rd3 Rf8 27. Rg3 f5 28. exf6 Rxf6 29. Ne5 Bxe5 30. fxe5 Rxf1+ 31. Kxf1 Ra8 32. Qc1 Qh4 33. Kg1 Ra7 34. Qe1 g5 35. Qd1 Rf7 36. Rf3 Ne3 37. Qd2 Rxf3 38. Bxf3 Nf5 39. g4 Qh3 40. gxf5 Qxf3 41. f6 Qg4+ 42. Kf2 Qh4+ 43. Kf1 Qh3+ 44. Ke1 Qf3 45. Qf2 Qh1+ 46. Kd2 Qb1 47. Ke3 Qc1+ 48. Kd3 Qb1+ 49. Kc4 Ba6+ 50. Kxb4 1-0

[Event "Brazil AXPG op 1st"]
[Site "Ponta Grossa"]
[Date "2017.10.26"]
[Round "1"]
[White "Osipi, Jair"]
[Black "De Ramos, Mitzi Vedan"]
[Result "1-0"]
[WhiteElo "2171"]
[BlackElo "1082"]
[PlyCount "101"]
[EventDate "2017.10.26"]
[EventType "swiss"]
[EventRounds "7"]
[EventCountry "BRA"]
[SourceTitle "CBM 181 Extra"]
[Source "ChessBase"]
[SourceDate "2017.12.12"]
[SourceVersion "1"]
[SourceVersionDate "2017.12.12"]
[SourceQuality "1"]

1. d4 d5 2. Nf3 Nc6 3. Bf4 Nf6 4. e3 Bg4 5. Be2 e6 6. Nbd2 Bb4 7. c3 Be7 8. 0-0 0-0 9. b4 Bd6 10. Bg5 e5 11. b5 e4 12. bxc6 exf3 13. Bxf3 Bxf3 14. Qxf3 bxc6 15. Bxf6 Qxf6 16. Qxf6 gxf6 17. Rab1 Rab8 18. Rb3 Rb6 19. Rfb1 Rfb8 20. Kf1 f5 21. g3 c5 22. Nf3 c4 23. Rxb6 Rxb6 24. Rxb6 cxb6 25. Nh4 f4 26. Nf5 Ba3 27. gxf4 Kf8 28. Ke2 a5 29. Kd2 b5 30. Kc2 b4 31. cxb4 axb4 32. f3 f6 33. e4 dxe4 34. fxe4 b3+ 35. axb3 cxb3+ 36. Kxb3 Bc1 37. h4 Bxf4 38. h5 Kf7 39. Kc4 Ke6 40. Kc5 h6 41. Kc6 Bg5 42. d5+ Kf7 43. d6 Ke8 44. d7+ Kd8 45. Nd6 f5 46. Nf7+ Ke7 47. d8Q+ Ke6 48. Qd5+ Ke7 49. Nd6 fxe4 50. Qf7+ Kd8 51. Qd7# 1-0

[Event "Caioba Telecom op"]
[Site "Caioba"]
[Date "2017.10.01"]
[Round "8"]
[White "Aranha Filho, Alvaro Zimmermann"]
[Black "Osipi, Jair"]
[Result "1/2-1/2"]
[WhiteElo "2331"]
[BlackElo "2171"]
[PlyCount "96"]
[EventDate "2017.09.28"]
[EventType "swiss"]
[EventRounds "8"]
[EventCountry "BRA"]
[SourceTitle "EXT 2020"]
[Source "ChessBase"]
[SourceDate "2019.10.17"]
[SourceVersion "1"]
[SourceVersionDate "2019.10.17"]
[SourceQuality "1"]

1. d4 d5 2. Nf3 c6 3. e3 Nf6 4. c4 e6 5. Nbd2 Nbd7 6. Bd3 Bd6 7. e4 dxe4 8. Nxe4 Nxe4 9. Bxe4 Nf6 10. Bc2 h6 11. 0-0 0-0 12. Qe2 b6 13. Rd1 Qe7 14. b3 Bb7 15. Bb2 Rfd8 16. Ne5 c5 17. dxc5 Bxc5 18. Ng4 Nxg4 19. Qxg4 Qg5 20. Qxg5 hxg5 21. h3 Kf8 22. Bc3 Be7 23. Kf1 f5 24. f3 Kf7 25. Rd3 Rxd3 26. Bxd3 Bf6 27. Rc1 Rc8 28. Ke2 g4 29. hxg4 fxg4 30. fxg4 Bxg2 31. Bd2 Bd4 32. Be3 Bxe3 33. Kxe3 Kf6 34. Rg1 Bc6 35. Rf1+ Ke7 36. g5 Rh8 37. Bg6 Rh3+ 38. Kf4 Rh2 39. Ke5 Re2+ 40. Kd4 Rg2 41. Rf7+ Kd6 42. Rxa7 Rg3 43. c5+ bxc5+ 44. Kc4 Rxg5 45. Bc2 Rg4+ 46. Kc3 Rg3+ 47. Kc4 Rg4+ 48. Kc3 Rg3+ 1/2-1/2

[Event "Caioba Telecom op"]
[Site "Caioba"]
[Date "2017.09.30"]
[Round "5"]
[White "Osipi, Jair"]
[Black "Prol Medeiros, Horacio"]
[Result "1-0"]
[WhiteElo "2171"]
[BlackElo "2036"]
[PlyCount "101"]
[EventDate "2017.09.28"]
[EventType "swiss"]
[EventRounds "8"]
[EventCountry "BRA"]
[SourceTitle "EXT 2018"]
[Source "ChessBase"]
[SourceDate "2017.10.13"]
[SourceVersion "1"]
[SourceVersionDate "2017.10.13"]
[SourceQuality "1"]

1. d4 d5 2. c4 e6 3. Nf3 Nf6 4. Nc3 Nbd7 5. Bg5 Bb4 6. e3 c5 7. Qc2 Qa5 8. Bxf6 Nxf6 9. Nd2 cxd4 10. exd4 0-0 11. a3 e5 12. dxe5 Re8 13. f4 d4 14. Nb3 Bxc3+ 15. bxc3 Qxc3+ 16. Qxc3 dxc3 17. Rc1 Bf5 18. Rxc3 Ne4 19. Re3 Rac8 20. g4 Bxg4 21. Rg1 Bf5 22. Nd4 Nd6 23. exd6 Rxe3+ 24. Kd2 Rxa3 25. Nxf5 Kf8 26. Rxg7 Rd8 27. Rxh7 Kg8 28. Rh4 Ra5 29. Bd3 Rxf5 30. Bxf5 Rxd6+ 31. Bd3 Kg7 32. Rh7+ Kg8 33. Rh5 b6 34. h4 Rf6 35. Ke3 a5 36. Rg5+ Kf8 37. h5 Ke7 38. c5 bxc5 39. Rxc5 a4 40. Ra5 Rh6 41. Ra7+ Kf8 42. Be2 Re6+ 43. Kf3 Kg7 44. Bc4 Rf6 45. Rxa4 Rc6 46. Kg4 Rc5 47. Ba2 f6 48. Ra7+ Kh6 49. Bb1 f5+ 50. Bxf5 Rc7 51. Ra6+ 1-0

[Event "Caioba Telecom op"]
[Site "Caioba"]
[Date "2017.09.29"]
[Round "3"]
[White "Osipi, Jair"]
[Black "Cubas, Jose Fernando"]
[Result "0-1"]
[WhiteElo "2171"]
[BlackElo "2461"]
[PlyCount "83"]
[EventDate "2017.09.28"]
[EventType "swiss"]
[EventRounds "8"]
[EventCountry "BRA"]
[SourceTitle "EXT 2018"]
[Source "ChessBase"]
[SourceDate "2017.10.13"]
[SourceVersion "1"]
[SourceVersionDate "2017.10.13"]
[SourceQuality "1"]

1. d4 Nf6 2. Nf3 e6 3. g3 b5 4. Bg2 Bb7 5. 0-0 d5 6. b3 Nbd7 7. Nbd2 c5 8. c4 a6 9. Bb2 Be7 10. cxd5 Bxd5 11. e4 Nxe4 12. Nxe4 Bxe4 13. Re1 Bd5 14. dxc5 0-0 15. b4 a5 16. a3 Bf6 17. Qc2 Ra6 18. Bc3 Qa8 19. Qd3 Rd8 20. Qe3 h6 21. Red1 Rc8 22. Ne1 Bxg2 23. Nxg2 Bxc3 24. Qxc3 Nf6 25. Ne3 Ne4 26. Qb2 Ng5 27. h4 Nf3+ 28. Kf1 Qe4 29. Qc2 Qb7 30. Qc3 Qe4 31. Qc2 Qa8 32. Qc3 Ra7 33. Nc2 Qe4 34. Ne1 Ne5 35. f3 Qf5 36. Kg2 Rca8 37. Qd4 Nc4 38. g4 Qg6 39. Kg3 h5 40. Rac1 axb4 41. axb4 hxg4 42. Qxg4 0-1